00474nam a2200157Ia 4500003000900000008004100009020001800050040001600068080001700084100001700101245010700118260004000225300001500265650001600280650002000296IN-BaIIA211028s9999 xx 000 0 eng d a0-471-95736-4 cIIA Library a524.834bMOS aMoss, Ian G. 0aQuantum theory, black holes and inflationcIan G. Moss  aChichesterbJohn Wiley & Sonsc1996 axii, 162p. aBlack holes aQuantum physics